Score 0/30 Timer 08:00
1 Play Today
Word/Phrase Name % Correct
AMBU*Lance
85.2%
MAC*IAAdam
81%
H*MANAndy
80.6%
AMBI*ITYDexter
77%
TELE*ETERMark
76.7%
CINNA*PPLEMona
74.1%
DRA*Grace
72.4%
EXC*TEllen
70.3%
*ONTrent
67%
NATU*ILOSOPHERRalph
66.5%
HUM*TUREAnna
66.3%
*ESCENCEEvan
65.5%
DIL*Emma
64.1%
R*EEdwin
61.9%
CH*MAIDAmber
57.9%
Word/Phrase Name % Correct
CHI*UCELisa
55.2%
FEAT*OAHerb
55.1%
CHAR*YDonna
49.6%
*DREWSStan
46.3%
AP*IKEPearl
46%
UNIT*TIONSEdna
45.7%
TRUM*Peter
45.4%
M*EEthan
41%
C*ESEAnton
40.3%
*ENDERBart
39.7%
*O NOWHEREBridget
28%
MALL*Omar
25.4%
E*IOUSGreg
23.4%
*TICSDiane
21.6%
TRE*GSErin
16.9%
Remove Ads.
Support Sporcle.
Get the best of Sporcle when you Go Orange. This ad-free experience offers more features, more stats, and more fun while also helping to support Sporcle. Thank you for becoming a member.

You're not logged in!

Compare scores with friends on all Sporcle quizzes.
OR
Log In

Sporcle TV

Today on Sporcle TV


Watch our educational content, quiz creation guides, and fun videos on Sporcle TV.

Show Comments

Extras

Top Quizzes Today


Score Distribution

Paid Content

Your Account Isn't Verified!

In order to create a playlist on Sporcle, you need to verify the email address you used during registration. Go to your Sporcle Settings to finish the process.

Report this User

Report this user for behavior that violates our Community Guidelines.

Details: